| 000 | 00946nam a22002775a 4500 | ||
|---|---|---|---|
| 003 | EG-ScBUE | ||
| 005 | 20221115043009.0 | ||
| 008 | 161225t2011 ko a f 000 0 mul d | ||
| 020 | _a9788977483729 | ||
| 040 |
_aEG-ScBUE _beng _erda _cEG-ScBUE _dEG-ScBUE |
||
| 041 | 0 |
_aeng _akor |
|
| 082 | 0 | 4 |
_a724 _bEVO _222 |
| 245 | 0 | 0 |
_aEvolving design 1 : _bthe collection of the best evolving architecture works & projects / _c[editor Jeong Ji-seong] |
| 246 | 3 | 4 |
_aEvolving design1 : _bthe collection of the best evolving architecture works and projects |
| 264 | 1 |
_aSeoul : _bCA Press, _c[2011] |
|
| 264 | 4 | _cc2011 | |
| 300 |
_a416 pages : _bcolor illustrations ; _c28 cm |
||
| 546 | _aText in English and Korean. | ||
| 650 | 7 |
_aArchitecture, Modern. _2BUEsh |
|
| 650 | 7 |
_aArchitectural drawing. _2BUEsh |
|
| 651 | _2BUEsh | ||
| 653 |
_bENGARC _cDecember2016 |
||
| 655 | _vReading book | ||
| 700 | 1 |
_aJi-seong, Jeong, _eeditor. |
|
| 942 |
_2ddc _cBB |
||
| 999 |
_c23742 _d23714 |
||